Nyelvtanulás két kézzel
Kontráné Hegybíró Edit a siketek és nagyothallók idegennyelvtanulásának siker- és kudarcélményeit mutatja be Nyelvtanulás két kézzel. A jelnyelv szerepe a siketek idegennyelv-tanulásában című könyvében. A kötet az Esélyegyenlőség a nyelvtanulásban című projekt kutatásaira épül....
Elmentve itt :
| Szerző: | |
|---|---|
| Dokumentumtípus: | Cikk |
| Megjelent: |
2011
|
| Sorozat: | Iskolakultúra
21 No. 2-3 |
| Online Access: | http://misc.bibl.u-szeged.hu/42157 |
| LEADER | 00890nab a2200181 i 4500 | ||
|---|---|---|---|
| 001 | misc42157 | ||
| 005 | 20191106140539.0 | ||
| 008 | 180706s2011 hu o 0|| zxx d | ||
| 022 | |a 1215-5233 | ||
| 040 | |a SZTE Miscellanea Repozitórium |b hun | ||
| 041 | |a zxx | ||
| 100 | 1 | |a Csernyák Hajnalka | |
| 245 | 1 | 0 | |a Nyelvtanulás két kézzel |h [elektronikus dokumentum] / |c Csernyák Hajnalka |
| 260 | |c 2011 | ||
| 300 | |a 159-160 | ||
| 490 | 0 | |a Iskolakultúra |v 21 No. 2-3 | |
| 520 | 3 | |a Kontráné Hegybíró Edit a siketek és nagyothallók idegennyelvtanulásának siker- és kudarcélményeit mutatja be Nyelvtanulás két kézzel. A jelnyelv szerepe a siketek idegennyelv-tanulásában című könyvében. A kötet az Esélyegyenlőség a nyelvtanulásban című projekt kutatásaira épül. | |
| 856 | 4 | 0 | |u http://misc.bibl.u-szeged.hu/42157/1/EPA00011_iskolakultura_2011_02-03_159-160.pdf |z Dokumentum-elérés |